1261 1479 1877 1952 1556 1903 1377 1978 1422 1610 1647 1115 1668 1786 1390 1665 1965 1207 1896 1907 1355 1703 1540 1149 1119 1744 1665 1201 1427 1167 1330 1469 1976 1136 1836 1323 1853 1924 1706 1353 1833 1592 1957 1830 1781 1202 1829 1405 1348 1676 1585 1376 1024 1829 1372 1555 1279 1703 1940 1620 1530 1831 1493 1163 1778 1026 1839 1800 1701 1592 1811 1278 1292 1325 1513 1952 1768 1401 1019 1102 1404 1160 1532 1105 1590 1306 1844 1490 1564 1367 1762 1119 1102 1790 1085 1920 1021 1732 1041 BCNSPRNW ULIB Ver.6.0+V

เปลี่ยนเป็นภาษาไทย

Change to English
 แสดงรายละเอียดบรรณานุกรม
  กลับหน้าหลัก

Brief Record : Get Marc (ISO 2709) : E-mail record : QR code < ปิดหน้าต่าง
LEADER : 00000nam 2200000uu 4500
001    13399110085
003     ULIB
008    110408s2547||||th 000 0 tha d
020    9749584783
060 04 WI140^bย11 2547
111 2  การประชุมวิชาการเภสัชศาสตร์^n(ครั้งที่ 2 :^d2547 :^cปทุมธานี)
245 10 การประชุมวิชาการเภสัชศาสตร์ครั้งที่ 3 เรื่อง ยาและโรคในระบบทางเดินอาหาร :^bวันที่ 29-30 มกราคม 2547 ณ ห้องประชุม 1-301 อาคารอาทิตย์ อุไรรัตน์ มหาวิทยาลัยรังสิต /^cโดย คณะเภสัชศาสตร์ มหาวิทยาลัยรังสิต ร่วมกับ สำนักงานคณะกรรมการอาหารและยา กระทรวงสาธารณสุข ; บรรณาธิการ: ทิพย์สุชน เอี่ยมสอาด... [และคนอื่นๆ]
246 30 ยาและโรคในระบบทางเดินอาหาร
250    พิมพ์ครั้งที่ 1
260    ปทุมธานี :^bคณะเภสัชศาสตร์ มหาวิทยาลัยรังสิต ,^c2547
300    253 หน้า :^bภาพประกอบ ;^c27 ซม
504    มีบรรณานุกรมและดัชนี
650  7 เภสัชศาสตร์^vการประชุม
650  7 ยารักษาโรคระบบทางเดินอาหาร
700 0  ทิพย์สุชน เอี่ยมสอาด,^eบรรณาธิการ
710 2  มหาวิทยาลัยรังสิต. ^bคณะเภสัชศาสตร์
710 2  สำนักงานคณะกรรมการอาหารและยา
945    ^p250^l0^i018915
995    ทศพร
999 ^a ใช้งานได้ทุกระบบ
รายการนี้ยังไม่มีแท็ก
คุณยังไม่ได้ล็อกอิน คุณสามารถมีกิจกรรมร่วมกับเว็บไซต์ได้ แต่ต้องล็อกอินก่อน ::
  ล็อกอิน

รายการสื่อสารสนเทศ

ลำดับที่ ประเภท เลขเรียก/บาร์โค้ด สถานที่ สถานะ
- ไม่พบข้อมูล -

BibComment


ยังไม่เคยถูกคอมเมนท์

คอมเมนท์ทรัพยากรรายการนี้
  คอมเมนท์: การประชุมวิชาการเ..


 Copyright 2026. Bcnsprnw @Library